| 000 | 01037nam a22002537a 4500 | ||
|---|---|---|---|
| 005 | 20240809125814.0 | ||
| 010 | _aENG-128604 ENG-141311 | ||
| 020 |
_a9789352876648 _c995.00 |
||
| 020 |
_a9789352876945 _c895.00 |
||
| 035 | _aEN-112136 | ||
| 035 | _aEN-124843 | ||
| 037 | _bDBAD | ||
| 082 | _a640.460954 | ||
| 245 |
_aServants' pasts: _cEdited by Sinha Nitin; Varma Nitin [and] Pankaj Jha _bSixteenth to eighteenth century South Asia Vol 1,LAte Eighteenth to Twentieth Century South Asia Vol 2/ |
||
| 260 |
_aTelangana _bOrient Blackswan Private Limited _c2019 |
||
| 270 |
_bTelangana _e500029 _a3-6-752, Himayatnagar, Hyderabad _minfo@orientblackswan.com |
||
| 300 |
_axviii+421p. _c22cm(hbk) _bincluding Illustrations and Index. |
||
| 300 |
_axiii+324p. _c22cm(hbk) _bincluding Illustrations and Index. |
||
| 490 | _vVol 1, Vol 2 | ||
| 700 |
_aSinha, Nitin, Ed. _eEditor _969827 |
||
| 700 |
_aVarma, Nitin, Ed. _eEditor _969828 |
||
| 700 |
_aJha, Pankaj, Ed. _eEditor _969829 |
||
| 942 |
_2ddc _cEN _h640.460954 _mSER |
||
| 999 |
_c176176 _d176176 |
||